000
00220nam a22000857a 4500
008
170614b xxu||||| |||| 00| 0 eng d
100
_9
3406
_a
Sally V. K
245
_a
Science lab manual - IX
260
_a
New Delhi
_b
G. B. P
_c
2010
999
_c
6768
_d
6768